Logo BPK

Biblioteka

Politechniki Koszalińskiej

Ten Contemporary Poets / (Rekord nr 47529)

Szczegóły MARC
000 -ETYKIETA REKORDU
podpole kontrolne o stałej długości 00508nam a2200181 i 4500
001 - NUMER KONTROLNY REKORDU
pole kontrolne bgj
040 ## - ŹRÓDŁO KATALOGOWANIA
Instytucja, która utworzyła rekord BPK
041 0# - KOD JĘZYKA
Kod języka tekstu eng
008 - POLE O STAŁEJ DŁUGOŚCI - DANE KONTROLNE
podpole kontrolne o stałej długości s uk f |000 0 eng
245 00 - TYTUŁ/ODPOWIEDZIALNOŚĆ
Tytuł Ten Contemporary Poets /
Pozostałe elementy strefy tytułu i oznaczenia odpowiedzialności compiled and edited by Maurice Wollman.
250 ## - STREFA WYDANIA
Oznaczenie wydania [Repr.].
260 ## - STREFA ADRESU WYDAWNICZEGO
Miejsce wydania London [etc.] :
Nazwa wydawcy/dystrybutora George G. Harrap & Co. Ltd.,
Data publikacji, dystrybucji/powstania dokumentu 1968.
300 ## - STREFA OPISU FIZYCZNEGO
Objętość 176 pp ;
Rozmiary 19 cm.
505 ## - SFORMALIZOWANA UWAGA DOTYCZĄCA ZAWARTOŚCI
Pełny tekst uwagi Includes index.
650 #9 - HASŁO PRZEDMIOTOWE W FORMIE NAZWY OGÓLNEJ LUB JEDNOSTKOWEJ
Nazwa ogólna lub geograficzna English poetry
Określnik chronologiczny 20th century
700 1# - HASŁO DODATKOWE - NAZWA OSOBOWA
Nazwa osobowa WOLLMAN, Maurice.
Określenie związku między hasłem a opisywanym materiałem ed.
856 ## - LOKALIZACJA I DOSTĘP DO ELEKTRONICZNYCH DOKUMENTÓW ZDALNYCH
Link (URL) http://koha.tu.koszalin.pl/cgi-bin/koha/opac-detail.pl?biblionumber=47529
Tekst linku Katalog online BPK
942 ## - DODATKOWE ELEMENTY (KOHA)
Typ dokumentu Książka
Egzemplarze
Wycofany Status egzemplarza Uszkodzony Dostępność Lokalizacja stała Lokalizacja bieżąca Miejsce przechowywania Sygnatura Kod kreskowy Typ dokumentu
      Dostępny Biblioteka Politechniki Koszalińskiej Biblioteka Politechniki Koszalińskiej Wypożyczalnia Językowa KA 3889 09022980 Książka
© 2023 Biblioteka Politechniki Koszalińskiej :: KOHA